<?xml version="1.0" encoding="UTF-8"?>
<collection xmlns="http://www.loc.gov/MARC21/slim">
 <record>
  <leader>04216nam a22004578a 4500</leader>
  <controlfield tag="001">NCT_10267</controlfield>
  <controlfield tag="008">040611s2004    enkafh   b    001 0vvie|</controlfield>
  <datafield tag="999" ind1=" " ind2=" ">
   <subfield code="c">498</subfield>
   <subfield code="d">498</subfield>
  </datafield>
  <datafield tag="020" ind1=" " ind2=" ">
   <subfield code="c">76000</subfield>
  </datafield>
  <datafield tag="082" ind1="0" ind2="4">
   <subfield code="2">23rd ed.</subfield>
   <subfield code="a">616</subfield>
   <subfield code="b">Tr102/T.2</subfield>
  </datafield>
  <datafield tag="100" ind1="1" ind2=" ">
   <subfield code="a">Nguyễn Khánh Trạch</subfield>
  </datafield>
  <datafield tag="245" ind1="1" ind2="0">
   <subfield code="a">Điều trị học nội khoa</subfield>
   <subfield code="n">Tập 2</subfield>
   <subfield code="c">Nguyễn Khánh Trạch (chủ biên) ; Nguyễn Thị Minh An, Nguyễn Lân Việt,...[et.al] (Biên soạn)</subfield>
  </datafield>
  <datafield tag="250" ind1=" " ind2=" ">
   <subfield code="a">Tái bản lần thứ 3, có sửa chữa, bổ sung</subfield>
  </datafield>
  <datafield tag="260" ind1=" " ind2=" ">
   <subfield code="a">H.</subfield>
   <subfield code="b">Y học</subfield>
   <subfield code="c">2011</subfield>
  </datafield>
  <datafield tag="300" ind1=" " ind2=" ">
   <subfield code="a">331tr.</subfield>
   <subfield code="c">27cm</subfield>
  </datafield>
  <datafield tag="500" ind1=" " ind2=" ">
   <subfield code="a">ĐTTS ghi: Trường đại học Y Hà Nội. Các bộ môn Nội</subfield>
  </datafield>
  <datafield tag="520" ind1="3" ind2=" ">
   <subfield code="a">Giới thiệu đại cương về chẩn đoán, điều trị và phòng bệnh nội khoa như bệnh tim mạch, tiêu hoá, bệnh ở bộ máy vận động và bệnh của người già</subfield>
  </datafield>
  <datafield tag="653" ind1=" " ind2=" ">
   <subfield code="a">Y Đa khoa</subfield>
  </datafield>
  <datafield tag="700" ind1="1" ind2=" ">
   <subfield code="a">Nguyễn Thị Minh An </subfield>
   <subfield code="e">Biên soạn</subfield>
  </datafield>
  <datafield tag="700" ind1="1" ind2=" ">
   <subfield code="a">Nguyễn Lân Việt</subfield>
   <subfield code="e">Biên soạn</subfield>
  </datafield>
  <datafield tag="942" ind1=" " ind2=" ">
   <subfield code="2">ddc</subfield>
   <subfield code="c">BK</subfield>
  </datafield>
  <datafield tag="952" ind1=" " ind2=" ">
   <subfield code="0">0</subfield>
   <subfield code="1">0</subfield>
   <subfield code="2">ddc</subfield>
   <subfield code="4">0</subfield>
   <subfield code="6">616_000000000000000_TR102_T_2</subfield>
   <subfield code="7">0</subfield>
   <subfield code="9">8077</subfield>
   <subfield code="a">000001</subfield>
   <subfield code="b">000001</subfield>
   <subfield code="d">2018-05-10</subfield>
   <subfield code="o">616 Tr102/T.2</subfield>
   <subfield code="p">MD.05615</subfield>
   <subfield code="r">2018-05-10</subfield>
   <subfield code="v">76000.00</subfield>
   <subfield code="w">2018-05-10</subfield>
   <subfield code="y">BK</subfield>
  </datafield>
  <datafield tag="952" ind1=" " ind2=" ">
   <subfield code="0">0</subfield>
   <subfield code="1">0</subfield>
   <subfield code="2">ddc</subfield>
   <subfield code="4">0</subfield>
   <subfield code="6">616_000000000000000_TR102_T_2</subfield>
   <subfield code="7">0</subfield>
   <subfield code="9">8078</subfield>
   <subfield code="a">000001</subfield>
   <subfield code="b">000001</subfield>
   <subfield code="d">2018-05-10</subfield>
   <subfield code="l">2</subfield>
   <subfield code="o">616 Tr102/T.2</subfield>
   <subfield code="p">MD.05616</subfield>
   <subfield code="r">2021-01-26</subfield>
   <subfield code="s">2021-01-11</subfield>
   <subfield code="v">76000.00</subfield>
   <subfield code="w">2018-05-10</subfield>
   <subfield code="y">BK</subfield>
  </datafield>
  <datafield tag="952" ind1=" " ind2=" ">
   <subfield code="0">0</subfield>
   <subfield code="1">0</subfield>
   <subfield code="2">ddc</subfield>
   <subfield code="4">0</subfield>
   <subfield code="6">616_000000000000000_TR102_T_2</subfield>
   <subfield code="7">0</subfield>
   <subfield code="9">8079</subfield>
   <subfield code="a">000001</subfield>
   <subfield code="b">000001</subfield>
   <subfield code="d">2018-05-10</subfield>
   <subfield code="o">616 Tr102/T.2</subfield>
   <subfield code="p">MD.05617</subfield>
   <subfield code="r">2018-05-10</subfield>
   <subfield code="v">76000.00</subfield>
   <subfield code="w">2018-05-10</subfield>
   <subfield code="y">BK</subfield>
  </datafield>
  <datafield tag="952" ind1=" " ind2=" ">
   <subfield code="0">0</subfield>
   <subfield code="1">0</subfield>
   <subfield code="2">ddc</subfield>
   <subfield code="4">0</subfield>
   <subfield code="6">616_000000000000000_TR102_T_2</subfield>
   <subfield code="7">0</subfield>
   <subfield code="9">8080</subfield>
   <subfield code="a">000001</subfield>
   <subfield code="b">000001</subfield>
   <subfield code="d">2018-05-10</subfield>
   <subfield code="o">616 Tr102/T.2</subfield>
   <subfield code="p">MD.05618</subfield>
   <subfield code="r">2018-05-10</subfield>
   <subfield code="v">76000.00</subfield>
   <subfield code="w">2018-05-10</subfield>
   <subfield code="y">BK</subfield>
  </datafield>
  <datafield tag="952" ind1=" " ind2=" ">
   <subfield code="0">0</subfield>
   <subfield code="1">0</subfield>
   <subfield code="2">ddc</subfield>
   <subfield code="4">0</subfield>
   <subfield code="6">616_000000000000000_TR102_T_2</subfield>
   <subfield code="7">0</subfield>
   <subfield code="9">8081</subfield>
   <subfield code="a">000001</subfield>
   <subfield code="b">000001</subfield>
   <subfield code="d">2018-05-10</subfield>
   <subfield code="o">616 Tr102/T.2</subfield>
   <subfield code="p">MD.05619</subfield>
   <subfield code="r">2018-05-10</subfield>
   <subfield code="v">76000.00</subfield>
   <subfield code="w">2018-05-10</subfield>
   <subfield code="y">BK</subfield>
  </datafield>
  <datafield tag="952" ind1=" " ind2=" ">
   <subfield code="0">0</subfield>
   <subfield code="1">0</subfield>
   <subfield code="2">ddc</subfield>
   <subfield code="4">0</subfield>
   <subfield code="6">616_000000000000000_TR102_T_2</subfield>
   <subfield code="7">0</subfield>
   <subfield code="9">8082</subfield>
   <subfield code="a">000001</subfield>
   <subfield code="b">000001</subfield>
   <subfield code="d">2018-05-10</subfield>
   <subfield code="o">616 Tr102/T.2</subfield>
   <subfield code="p">MD.05627</subfield>
   <subfield code="r">2018-05-10</subfield>
   <subfield code="v">76000.00</subfield>
   <subfield code="w">2018-05-10</subfield>
   <subfield code="y">BK</subfield>
  </datafield>
  <datafield tag="952" ind1=" " ind2=" ">
   <subfield code="0">0</subfield>
   <subfield code="1">0</subfield>
   <subfield code="2">ddc</subfield>
   <subfield code="4">0</subfield>
   <subfield code="6">616_000000000000000_TR102_T_2</subfield>
   <subfield code="7">0</subfield>
   <subfield code="9">8083</subfield>
   <subfield code="a">000001</subfield>
   <subfield code="b">000001</subfield>
   <subfield code="d">2018-05-10</subfield>
   <subfield code="o">616 Tr102/T.2</subfield>
   <subfield code="p">MD.05628</subfield>
   <subfield code="r">2018-05-10</subfield>
   <subfield code="v">76000.00</subfield>
   <subfield code="w">2018-05-10</subfield>
   <subfield code="y">BK</subfield>
  </datafield>
  <datafield tag="952" ind1=" " ind2=" ">
   <subfield code="0">0</subfield>
   <subfield code="1">0</subfield>
   <subfield code="2">ddc</subfield>
   <subfield code="4">0</subfield>
   <subfield code="6">616_000000000000000_TR102_T_2</subfield>
   <subfield code="7">0</subfield>
   <subfield code="9">8084</subfield>
   <subfield code="a">000001</subfield>
   <subfield code="b">000001</subfield>
   <subfield code="d">2018-05-10</subfield>
   <subfield code="o">616 Tr102/T.2</subfield>
   <subfield code="p">MD.05629</subfield>
   <subfield code="r">2018-05-10</subfield>
   <subfield code="v">76000.00</subfield>
   <subfield code="w">2018-05-10</subfield>
   <subfield code="y">BK</subfield>
  </datafield>
  <datafield tag="952" ind1=" " ind2=" ">
   <subfield code="0">0</subfield>
   <subfield code="1">0</subfield>
   <subfield code="2">ddc</subfield>
   <subfield code="4">0</subfield>
   <subfield code="6">616_000000000000000_TR102_T_2</subfield>
   <subfield code="7">0</subfield>
   <subfield code="9">8085</subfield>
   <subfield code="a">000001</subfield>
   <subfield code="b">000001</subfield>
   <subfield code="d">2018-05-10</subfield>
   <subfield code="o">616 Tr102/T.2</subfield>
   <subfield code="p">MD.05630</subfield>
   <subfield code="r">2018-05-10</subfield>
   <subfield code="v">76000.00</subfield>
   <subfield code="w">2018-05-10</subfield>
   <subfield code="y">BK</subfield>
  </datafield>
  <datafield tag="952" ind1=" " ind2=" ">
   <subfield code="0">0</subfield>
   <subfield code="1">0</subfield>
   <subfield code="2">ddc</subfield>
   <subfield code="4">0</subfield>
   <subfield code="6">616_000000000000000_TR102_T_2</subfield>
   <subfield code="7">0</subfield>
   <subfield code="9">20434</subfield>
   <subfield code="a">000001</subfield>
   <subfield code="b">000001</subfield>
   <subfield code="d">2020-10-05</subfield>
   <subfield code="o">616 Tr102/T.2</subfield>
   <subfield code="p">MD.17758</subfield>
   <subfield code="r">2020-10-05</subfield>
   <subfield code="v">76000.00</subfield>
   <subfield code="w">2020-10-05</subfield>
   <subfield code="y">BK</subfield>
  </datafield>
  <datafield tag="952" ind1=" " ind2=" ">
   <subfield code="0">0</subfield>
   <subfield code="1">0</subfield>
   <subfield code="2">ddc</subfield>
   <subfield code="4">0</subfield>
   <subfield code="6">616_000000000000000_TR102_T_2</subfield>
   <subfield code="7">0</subfield>
   <subfield code="9">20435</subfield>
   <subfield code="a">000001</subfield>
   <subfield code="b">000001</subfield>
   <subfield code="d">2020-10-05</subfield>
   <subfield code="o">616 Tr102/T.2</subfield>
   <subfield code="p">MD.17759</subfield>
   <subfield code="r">2020-10-05</subfield>
   <subfield code="v">76000.00</subfield>
   <subfield code="w">2020-10-05</subfield>
   <subfield code="y">BK</subfield>
  </datafield>
  <datafield tag="952" ind1=" " ind2=" ">
   <subfield code="0">0</subfield>
   <subfield code="1">0</subfield>
   <subfield code="2">ddc</subfield>
   <subfield code="4">0</subfield>
   <subfield code="6">616_000000000000000_TR102_T_2</subfield>
   <subfield code="7">0</subfield>
   <subfield code="9">20436</subfield>
   <subfield code="a">000001</subfield>
   <subfield code="b">000001</subfield>
   <subfield code="d">2020-10-05</subfield>
   <subfield code="o">616 Tr102/T.2</subfield>
   <subfield code="p">MD.17760</subfield>
   <subfield code="r">2020-10-05</subfield>
   <subfield code="v">76000.00</subfield>
   <subfield code="w">2020-10-05</subfield>
   <subfield code="y">BK</subfield>
  </datafield>
  <datafield tag="952" ind1=" " ind2=" ">
   <subfield code="0">0</subfield>
   <subfield code="1">0</subfield>
   <subfield code="2">ddc</subfield>
   <subfield code="4">0</subfield>
   <subfield code="6">616_000000000000000_TR102_T_2</subfield>
   <subfield code="7">0</subfield>
   <subfield code="9">20437</subfield>
   <subfield code="a">000001</subfield>
   <subfield code="b">000001</subfield>
   <subfield code="d">2020-10-05</subfield>
   <subfield code="o">616 Tr102/T.2</subfield>
   <subfield code="p">MD.17761</subfield>
   <subfield code="r">2020-10-05</subfield>
   <subfield code="v">76000.00</subfield>
   <subfield code="w">2020-10-05</subfield>
   <subfield code="y">BK</subfield>
  </datafield>
  <datafield tag="952" ind1=" " ind2=" ">
   <subfield code="0">0</subfield>
   <subfield code="1">0</subfield>
   <subfield code="2">ddc</subfield>
   <subfield code="4">0</subfield>
   <subfield code="6">616_000000000000000_TR102_T_2</subfield>
   <subfield code="7">0</subfield>
   <subfield code="9">20438</subfield>
   <subfield code="a">000001</subfield>
   <subfield code="b">000001</subfield>
   <subfield code="d">2020-10-05</subfield>
   <subfield code="o">616 Tr102/T.2</subfield>
   <subfield code="p">MD.17762</subfield>
   <subfield code="r">2020-10-05</subfield>
   <subfield code="v">76000.00</subfield>
   <subfield code="w">2020-10-05</subfield>
   <subfield code="y">BK</subfield>
  </datafield>
  <datafield tag="952" ind1=" " ind2=" ">
   <subfield code="0">0</subfield>
   <subfield code="1">0</subfield>
   <subfield code="2">ddc</subfield>
   <subfield code="4">0</subfield>
   <subfield code="6">616_000000000000000_TR102_T_2</subfield>
   <subfield code="7">0</subfield>
   <subfield code="9">20439</subfield>
   <subfield code="a">000001</subfield>
   <subfield code="b">000001</subfield>
   <subfield code="d">2020-10-05</subfield>
   <subfield code="o">616 Tr102/T.2</subfield>
   <subfield code="p">MD.17763</subfield>
   <subfield code="r">2020-10-05</subfield>
   <subfield code="v">76000.00</subfield>
   <subfield code="w">2020-10-05</subfield>
   <subfield code="y">BK</subfield>
  </datafield>
  <datafield tag="952" ind1=" " ind2=" ">
   <subfield code="0">0</subfield>
   <subfield code="1">0</subfield>
   <subfield code="2">ddc</subfield>
   <subfield code="4">0</subfield>
   <subfield code="6">616_000000000000000_TR102_T_2</subfield>
   <subfield code="7">0</subfield>
   <subfield code="9">20440</subfield>
   <subfield code="a">000001</subfield>
   <subfield code="b">000001</subfield>
   <subfield code="d">2020-10-05</subfield>
   <subfield code="o">616 Tr102/T.2</subfield>
   <subfield code="p">MD.17764</subfield>
   <subfield code="r">2020-10-05</subfield>
   <subfield code="v">76000.00</subfield>
   <subfield code="w">2020-10-05</subfield>
   <subfield code="y">BK</subfield>
  </datafield>
  <datafield tag="952" ind1=" " ind2=" ">
   <subfield code="0">0</subfield>
   <subfield code="1">0</subfield>
   <subfield code="2">ddc</subfield>
   <subfield code="4">0</subfield>
   <subfield code="6">616_000000000000000_TR102_T_2</subfield>
   <subfield code="7">0</subfield>
   <subfield code="9">20441</subfield>
   <subfield code="a">000001</subfield>
   <subfield code="b">000001</subfield>
   <subfield code="d">2020-10-05</subfield>
   <subfield code="o">616 Tr102/T.2</subfield>
   <subfield code="p">MD.17765</subfield>
   <subfield code="r">2020-10-05</subfield>
   <subfield code="v">76000.00</subfield>
   <subfield code="w">2020-10-05</subfield>
   <subfield code="y">BK</subfield>
  </datafield>
  <datafield tag="952" ind1=" " ind2=" ">
   <subfield code="0">0</subfield>
   <subfield code="1">0</subfield>
   <subfield code="2">ddc</subfield>
   <subfield code="4">0</subfield>
   <subfield code="6">616_000000000000000_TR102_T_2</subfield>
   <subfield code="7">0</subfield>
   <subfield code="9">20442</subfield>
   <subfield code="a">000001</subfield>
   <subfield code="b">000001</subfield>
   <subfield code="d">2020-10-05</subfield>
   <subfield code="o">616 Tr102/T.2</subfield>
   <subfield code="p">MD.17766</subfield>
   <subfield code="r">2020-10-05</subfield>
   <subfield code="v">76000.00</subfield>
   <subfield code="w">2020-10-05</subfield>
   <subfield code="y">BK</subfield>
  </datafield>
  <datafield tag="952" ind1=" " ind2=" ">
   <subfield code="0">0</subfield>
   <subfield code="1">0</subfield>
   <subfield code="2">ddc</subfield>
   <subfield code="4">0</subfield>
   <subfield code="6">616_000000000000000_TR102_T_2</subfield>
   <subfield code="7">0</subfield>
   <subfield code="9">20443</subfield>
   <subfield code="a">000001</subfield>
   <subfield code="b">000001</subfield>
   <subfield code="d">2020-10-05</subfield>
   <subfield code="o">616 Tr102/T.2</subfield>
   <subfield code="p">MD.17767</subfield>
   <subfield code="r">2020-10-05</subfield>
   <subfield code="v">76000.00</subfield>
   <subfield code="w">2020-10-05</subfield>
   <subfield code="y">BK</subfield>
  </datafield>
  <datafield tag="980" ind1=" " ind2=" ">
   <subfield code="a">Thư viện Trường Đại học Nam Cần Thơ</subfield>
  </datafield>
 </record>
</collection>
